QUEST Central Library Banner

Introduction to Mathematical Statistics / (Record no. 13697)

MARC details
000 -LEADER
fixed length control field 00643nam a2200229 a 4500
003 - CONTROL NUMBER IDENTIFIER
control field PK-NaQUE
005 - DATE AND TIME OF LATEST TRANSACTION
control field 20250611090838.0
008 - FIXED-LENGTH DATA ELEMENTS--GENERAL INFORMATION
fixed length control field 250611b ||||| |||| 00| 0 eng d
020 ## - INTERNATIONAL STANDARD BOOK NUMBER
International Standard Book Number 0321795431 (hardcover)
020 ## - INTERNATIONAL STANDARD BOOK NUMBER
International Standard Book Number 9780321795434 (hardcover)
040 ## - CATALOGING SOURCE
Transcribing agency QUEST
100 1# - MAIN ENTRY--PERSONAL NAME
Personal name Hogg, Robert V.
245 10 - TITLE STATEMENT
Title Introduction to Mathematical Statistics /
250 ## - EDITION STATEMENT
Edition statement 7th ed.
260 ## - PUBLICATION, DISTRIBUTION, ETC. (IMPRINT)
Place of publication, distribution, etc [S.l.] :
Name of publisher, distributor, etc Pearson,
Date of publication, distribution, etc 2012.
300 ## - PHYSICAL DESCRIPTION
Extent 640 p. ;
490 1# - SERIES STATEMENT
Series statement 7th edition.
650 ## - SUBJECT ADDED ENTRY--TOPICAL TERM
Topical term or geographic name as entry element Mathematical Statistics
700 1# - ADDED ENTRY--PERSONAL NAME
Personal name Craig, Allen T.
856 40 - ELECTRONIC LOCATION AND ACCESS
Uniform Resource Identifier <a href="http://10.10.170.122:8080/browse/book/20297">http://10.10.170.122:8080/browse/book/20297</a>
Link text Download eBook
942 ## - ADDED ENTRY ELEMENTS (KOHA)
Koha item type Books
Source of classification or shelving scheme Dewey Decimal Classification
Holdings
Withdrawn status Lost status Damaged status Not for loan Home library Current library Date acquired Cost, normal purchase price Total Checkouts Full call number Barcode Date last seen Price effective from Koha item type Date checked out
        Central Library, QUEST, Nawabshah Central Library, QUEST, Nawabshah 01/01/2002 57.00   519.5 HOG 10526 01/01/2002 01/01/2002 Books  
        Central Library, QUEST, Nawabshah Central Library, QUEST, Nawabshah 01/01/2002 57.00   519.5 HOG 10527 01/01/2002   Books  
        Central Library, QUEST, Nawabshah Central Library, QUEST, Nawabshah 01/01/2002 57.00 1 519.5 HOG 10528 26/09/2018   Books 12/10/2017
        Central Library, QUEST, Nawabshah Central Library, QUEST, Nawabshah 01/01/2002 57.00   519.5 HOG 10529 01/01/2002   Books  
        Central Library, QUEST, Nawabshah Central Library, QUEST, Nawabshah 01/01/2002 57.00   519.5 HOG 10530 01/01/2002   Books  

Copyright © 2018,The QUEST, Nawabshah, Shaheed Benazirabad. All rights reserved
Mr. G. Farooq Channar (Librarian) QUEST, Nawabshah, Sindh, Pakistan 67480.
 Ph#: |   0244-9370381-4 Ext. 2308   Email| lib@quest.edu.pk   Web|  http://www.quest.edu.pk